Sports Quiz

Random Sports or Football Quiz

Lifters of the World Cup Quiz Stats

 Plays Quiz not verified by Sporcle

Score 0/19 Timer 05:00
0 Plays Today
Year Name % Correct
2010Iker Casillas
80.4%
1986Diego Maradona
78.3%
2002Cafu
69.6%
1974Franz Beckenbauer
67.4%
1998Didier Deschamps
60.9%
1994Carlos Dunga
58.7%
1966Bobby Moore
56.5%
1982Dino Zoff
52.2%
1990Lothar Matthaus
45.7%
2006Fabio Canavarro
39.1%
Year Name % Correct
1970Carlos Alberto
30.4%
1978Daniel Passarella
19.6%
1938Guiseppe Meazza
15.2%
1954Fritz Walter
15.2%
1962Mauro Ramos
6.5%
1930Jose Nasazzi
4.3%
1934Gianpiero Combi
2.2%
1950Obdulio Varela
2.2%
1958Hilderaldo Billini
0%

You're not logged in!

Compare scores with friends on all Sporcle quizzes.
OR
Log In

Show Comments

Extras

Top Quizzes Today


Score Distribution

Your Account Isn't Verified!

In order to create a playlist on Sporcle, you need to verify the email address you used during registration. Go to your Sporcle Settings to finish the process.

Report this User

Report this user for behavior that violates our Community Guidelines.

Details: